000 00561nam a2200181Ia 4500
005 20250508160008.0
008 008 250505s9999 xx 000 0 eng d
037 _aBooks to be hide in OPAC
040 _aFEDL
_beng
_cFEDL
041 _aeng
_2eng
084 _a379.5489, CEY/O
_qFEDL
245 0 _aReport of the commission to inquire into and report upon the present system of education in Ceylon
260 _c1929
300 _a34p.
546 _aSessional paper 28.-1929.
942 _cHB
_h379.5489, CEY/O
999 _c1360816
_d1360816